00426nam a2200133 a 450000500170000000800410001705000180005810000170007624500220009326000370011544000230015299900190017595200980019420140414131904.0100923s19uu xx 00 eng d aFICbR61 2004 aRodda, Emily aIsle of the dead. aNew York :bScholastic ,c2004. aDragons of Deltora c110860d110860 001040aMUbMUcFICd2010-09-23l0oFIC R61 2004pM1370r2014-04-14 00:00:00w2014-04-14yBK